Score 0/20 Timer 04:00
0 Plays Today
% Correct
Monaco
68.5%
Bosnia
66.7%
Nauru
64.1%
The Gambia
61.6%
Togo
56.3%
Slovenia
55.6%
Grenada
52.9%
Barbados
50.6%
Antigua
and Barbuda
48.3%
Benin
47.6%
% Correct
DRC
45.7%
St. Vincent and
the Grenadines
43.4%
Dominica
42.8%
St. Kitts
and Nevis
42.5%
Palestine
37.2%
Belgium
28%
Iraq
22.8%
Tuvalu
19.5%
Lithuania
17.7%
Jordan
17%

You're not logged in!

Compare scores with friends on all Sporcle quizzes.
OR
Log In

Sporcle TV

Today on Sporcle TV


Watch our educational content, quiz creation guides, and fun videos on Sporcle TV.

Show Comments

Extras

Top Quizzes Today


Score Distribution

Paid Content

Your Account Isn't Verified!

In order to create a playlist on Sporcle, you need to verify the email address you used during registration. Go to your Sporcle Settings to finish the process.

Report this User

Report this user for behavior that violates our Community Guidelines.

Details: